Statistiques concernant Question pour un bébou

Cliquez ici pour prendre le quiz!

Statistiques générales

  • Ce quiz a été pris 50 fois
  • Le résultat moyen est 5 sur 15

Statistiques - réponses

QuestionsRéponse:% Correct
combien de temps j'ai eu des bagues (en années)2
100%
mon nombre de tétons2
100%
ma pointure de chaussure39
93%
ma couleur préférée du momentnoir
70%
sport que je faisais quand j'étais petite (le plus long)équitation
55%
ma partie préférée de ton corpsfesses
18%
le nom de mon exantoine
13%
mon pokémon préfréré quand j'étais petiteévoli
8%
l'odeur de parfum que je veux pasvanille
5%
ma musique préféré quand on s'est rencontré505
3%
mon ancienne phobie nullecousins
3%
le nom de mon lycéeIsaac
3%
ma musique préférée de toije rêve
3%
ton surnomle bebz
3%
mon artiste preflomepal
3%

Distribution des résultats

Percentile par nombre de réponses

% des personnes avec chaque résultat

Votre développement - résultats

Vous n’avez pas pris ce quiz